000 00508nam a2200205Ia 4500
003 OSt
005 20230330094634.0
008 210423s2009 xx 000 0 und d
020 _a9788184112429
040 _cAL
041 _aeng
082 _a660.2815
_223
_bAGGN
100 _aAGGARWAL (Naresh).
_975603
245 _aComputer in chemistry.
260 _aNew Delhi
_bSonali Publications
_c2009
300 _aiv,270
_bPB
365 _b825
_cINR
906 _achemistry. ; Computer
942 _2ddc
_cBK
999 _c154532
_d154532